Sports Quiz

Random Sports or Football Quiz

NFL Most Intercepted Quarterbacks Quiz Stats

 Plays Quiz Updated Jan 4, 2021

     
Support Sporcle.
Go Orange.
Score 0/30 Timer 06:00
6 Plays Today
Interceptions Quarterback % Correct
336Brett Favre
95.7%
252Dan Marino
77.7%
226John Elway
68.4%
201Ben Roethlisberger
66.5%
251Peyton Manning
66.2%
233Warren Moon
57.1%
267Vinny Testaverde
54.3%
253Johnny Unitas
54%
266Fran Tarkenton
52.2%
220Joe Namath
48.1%
242Dan Fouts
41.1%
206Drew Bledsoe
40.8%
210Terry Bradshaw
32.1%
248Y.A. Tittle
32%
277George Blanda
31.9%
Interceptions Quarterback % Correct
222Ken Stabler
31.5%
209Philip Rivers
31.3%
243Drew Brees
26.9%
203Sammy Baugh
24.2%
199Dave Krieg
21.8%
244Eli Manning
19.4%
204Steve DeBerg
14.1%
247Jim Hart
12.8%
268John Hadl
11.9%
243Bobby Layne
11.7%
208Steve Grogan
10.5%
224John Brodie
9.4%
209Joe Ferguson
6.9%
257Norm Snead
4.9%
220Babe Parilli
2.3%

From the Vault

Name the Southern Premier League Teams

by eyes355

Sports 3m
We always like going South. Somehow, it feels like going downhill.
Remove Ads.
Support Sporcle.
Get the best of Sporcle when you Go Orange. This ad-free experience offers more features, more stats, and more fun while also helping to support Sporcle. Thank you for becoming a member.

Show Comments

Extras

Top Quizzes Today


Score Distribution

Your Account Isn't Verified!

In order to create a playlist on Sporcle, you need to verify the email address you used during registration. Go to your Sporcle Settings to finish the process.

Report this User

Report this user for behavior that violates our Community Guidelines.

Details: